| 000 | 01429cam a2200385 a 4500 | ||
|---|---|---|---|
| 001 | 11762266 | ||
| 003 | ARRUPE | ||
| 005 | 20220504080211.0 | ||
| 008 | 990719s2000 is b 001 0deng c | ||
| 010 | _a 99065583 | ||
| 020 | _a0500018847 | ||
| 035 | _a(OCoLC)ocm45254283 | ||
| 040 |
_aBKL _cBKL _dZQP _dTXH _dOCL _dDPL _dIQU _dDLC |
||
| 042 | _apcc | ||
| 043 | _ae------ | ||
| 050 | 0 | 0 |
_aHN373 _b.B34 2000 |
| 100 | 1 |
_aBarer, Shlomo, _d1919- _951388 |
|
| 245 | 1 | 4 |
_aThe doctors of revolution : _b19th-century thinkers who changed the world / _cShlomo Barer. |
| 246 | 3 | 0 | _a19th-century thinkers who changed the world |
| 260 |
_aNew York, N.Y. : _bThames & Hudson, _c2000. |
||
| 300 |
_a1216 p. ; _c26 cm. |
||
| 504 | _aIncludes bibliographical references (p. 1206-1211) and index. | ||
| 600 | 1 | 0 |
_aMarx, Karl, _d1818-1883. |
| 650 | 0 |
_aSocial change _xEurope _xHistory _y19th century. _951389 |
|
| 650 | 0 |
_aPhilosophy, Modern _y19th century. |
|
| 650 | 0 |
_aSocialism _xHistory _y19th century. _951390 |
|
| 650 | 0 |
_aAnarchism _xHistory _y19th century. _951391 |
|
| 650 | 0 |
_aCommunism _xHistory _y19th century. _912211 |
|
| 651 | 0 |
_aEurope _xSocial conditions _y19th century. _951392 |
|
| 651 | 0 |
_aEurope _xHistory _y1789-1900. _917433 |
|
| 906 |
_a7 _bcbc _cpccadap _d2 _encip _f20 _gy-gencatlg |
||
| 942 |
_2lcc _cMONOGRAPH |
||
| 999 |
_c131332 _d131332 |
||